[Event "Cidreira op"]
[Site "Cidreira"]
[Date "2025.05.02"]
[Round "3"]
[White "Silver, Fernanda Luise"]
[Black "Pinto, Vanderlei"]
[Result "1-0"]
[WhiteElo "1824"]
[BlackElo "1599"]
[PlyCount "55"]
[EventDate "2025.05.01"]
[EventType "swiss"]
[EventRounds "7"]
[EventCountry "BRA"]
[SourceTitle "CB19_2025"]
[SourceDate "2025.05.07"]
[SourceVersion "1"]
[SourceVersionDate "2025.05.07"]
[SourceQuality "1"]

1. e4 d5 2. exd5 Qxd5 3. Nf3 Nf6 4. Be2 c6 5. c4 Qd6 6. d4 Bg4 7. Nc3 e6 8. h3 Bh5 9. 0-0 Nbd7 10. Bg5 Be7 11. Bh4 Qc7 12. Qc2 Bg6 13. Bd3 Bxd3 14. Qxd3 Rd8 15. Qe3 Bd6 16. d5 cxd5 17. cxd5 Bf4 18. Qe2 Ne5 19. Ne4 Nxf3+ 20. Qxf3 Rxd5 21. Bxf6 Rf5 22. g3 gxf6 23. gxf4 Rg8+ 24. Kh1 Rg6 25. Rac1 Qb8 26. Rfd1 Rxf4 27. Rc8+ Ke7 28. Qa3+ 1-0

[Event "Cidreira op"]
[Site "Cidreira"]
[Date "2025.05.01"]
[Round "2"]
[White "De Andrade, Arthur Batuli"]
[Black "Silver, Fernanda Luise"]
[Result "1/2-1/2"]
[WhiteElo "1646"]
[BlackElo "1824"]
[PlyCount "103"]
[EventDate "2025.05.01"]
[EventType "swiss"]
[EventRounds "7"]
[EventCountry "BRA"]
[SourceTitle "CB19_2025"]
[SourceDate "2025.05.07"]
[SourceVersion "1"]
[SourceVersionDate "2025.05.07"]
[SourceQuality "1"]

1. e4 c5 2. Nf3 d6 3. Bb5+ Nd7 4. d4 cxd4 5. Qxd4 a6 6. Bxd7+ Bxd7 7. c4 e5 8. Qd3 Nf6 9. Nc3 h6 10. h3 Rc8 11. Bd2 Be6 12. b3 Be7 13. Rc1 Nd7 14. Be3 0-0 15. 0-0 Kh8 16. Nd2 f5 17. f4 exf4 18. Bxf4 Nc5 19. Qe3 fxe4 20. Ndxe4 d5 21. cxd5 Bxd5 22. Rfd1 Nxe4 23. Nxe4 Qa5 24. Be5 Kg8 25. Qg3 g5 26. Qg4 Rxc1 27. Rxc1 Qb6+ 28. Kh1 Qe3 29. Rc7 Bd6 30. Rg7+ Kh8 31. Rxg5+ Bxe5 32. Rxe5 Qd4 33. Rh5 Rf1+ 34. Kh2 Qg1+ 35. Kg3 Qe3+ 36. Kh2 Bxe4 37. Qc8+ Kg7 38. Qc7+ Rf7 39. Qe5+ Kh7 40. Rh4 Rf2 41. Qxe4+ Qxe4 42. Rxe4 Kg6 43. Re7 Rxa2 44. Rxb7 Kg5 45. Ra7 h5 46. b4 Ra4 47. Rg7+ Kh6 48. Rb7 h4 49. b5 axb5 50. Rxb5 Ra2 51. Rf5 Kg6 52. Rb5 1/2-1/2

[Event "BRA-ch U18 Girls"]
[Site "Aracaju"]
[Date "2024.05.23"]
[Round "5"]
[White "Silver, Fernanda Luise"]
[Black "Dias, Clara"]
[Result "0-1"]
[WhiteElo "1799"]
[BlackElo "2022"]
[PlyCount "81"]
[EventDate "2024.05.22"]
[EventType "swiss"]
[EventRounds "6"]
[EventCountry "BRA"]
[SourceTitle "CBM 220 Extra"]
[Source "ChessBase"]
[SourceDate "2024.07.31"]
[SourceVersion "1"]
[SourceVersionDate "2024.07.31"]
[SourceQuality "1"]

1. e4 c5 2. Nf3 d6 3. d4 cxd4 4. Nxd4 Nf6 5. Nc3 a6 6. Bd3 e5 7. Nf3 Be7 8. 0-0 b5 9. a3 0-0 10. Bg5 Nbd7 11. Qd2 Bb7 12. Rfe1 Rc8 13. Rad1 Nb6 14. Bxf6 Bxf6 15. Nd5 Bxd5 16. exd5 g6 17. Qa5 Ra8 18. Bf1 Bg7 19. h4 Na4 20. Qb4 Nc5 21. Ng5 Rc8 22. g3 h6 23. Ne4 f5 24. Nxc5 Rxc5 25. c4 a5 26. Qb3 bxc4 27. Bxc4 f4 28. Re4 Qf6 29. gxf4 exf4 30. Qh3 Qxb2 31. Qe6+ Kh7 32. a4 Qc2 33. Be2 f3 34. h5 Rf6 35. Qg4 fxe2 36. Qxe2 Qxe2 37. Rxe2 gxh5 38. Re7 Rc4 39. Rd7 Rxa4 40. Rd3 Raf4 41. Rb7 0-1

[Event "BRA-ch U18 Girls"]
[Site "Aracaju"]
[Date "2024.05.22"]
[Round "3"]
[White "Santana, Islayne Alberta San"]
[Black "Silver, Fernanda Luise"]
[Result "0-1"]
[WhiteElo "1555"]
[BlackElo "1799"]
[PlyCount "82"]
[EventDate "2024.05.22"]
[EventType "swiss"]
[EventRounds "6"]
[EventCountry "BRA"]
[SourceTitle "CBM 220 Extra"]
[Source "ChessBase"]
[SourceDate "2024.07.31"]
[SourceVersion "1"]
[SourceVersionDate "2024.07.31"]
[SourceQuality "1"]

1. e4 c5 2. Nf3 Nc6 3. d4 cxd4 4. Nxd4 Nf6 5. Nc3 a6 6. Be3 e5 7. Nb3 Bb4 8. a3 Bxc3+ 9. bxc3 Nxe4 10. Qd3 Nf6 11. f3 h6 12. Be2 0-0 13. 0-0 Qc7 14. Qd1 d5 15. Qe1 Ne7 16. Bd2 Bf5 17. Bd3 e4 18. fxe4 dxe4 19. Bf4 Qb6+ 20. Be3 Qd8 21. Be2 Nfd5 22. Rd1 Qc7 23. Bc5 b6 24. Bxe7 Nxe7 25. c4 Be6 26. Nd2 Qc5+ 27. Qf2 e3 28. Qf4 exd2+ 29. Qf2 Qxf2+ 30. Rxf2 Rac8 31. Rxd2 Bxc4 32. Bg4 Rcd8 33. Bf3 Rxd2 34. Rxd2 Bb5 35. Rd6 Nc8 36. Rd2 Re8 37. Kf2 Kf8 38. Bb7 Ke7 39. Bd5 Nd6 40. c4 Bxc4 41. Bxc4 Nxc4 0-1

[Event "Florianopolis op 10th"]
[Site "Florianopolis"]
[Date "2024.01.21"]
[Round "2"]
[White "Silver, Fernanda Luise"]
[Black "Moura, Eduardo Henrique B"]
[Result "1/2-1/2"]
[WhiteElo "1749"]
[BlackElo "2055"]
[PlyCount "63"]
[EventDate "2024.01.20"]
[EventType "swiss"]
[EventRounds "10"]
[EventCountry "BRA"]
[SourceTitle "CBM 218 Extra"]
[Source "ChessBase"]
[SourceDate "2024.03.31"]
[SourceVersion "1"]
[SourceVersionDate "2024.03.31"]
[SourceQuality "1"]

1. e4 c5 2. Nf3 e6 3. d4 cxd4 4. Nxd4 Nf6 5. Bd3 Nc6 6. c3 e5 7. Nf5 d5 8. exd5 Qxd5 9. Ne3 Qd8 10. Qc2 Be7 11. 0-0 0-0 12. Nd2 Be6 13. Ne4 Nxe4 14. Bxe4 g6 15. Rd1 Qc8 16. Nd5 Bd8 17. Qe2 Re8 18. Bh6 f6 19. Bc2 Kf7 20. h4 Nd4 21. cxd4 Bxd5 22. h5 e4 23. Rdc1 Qf5 24. Ba4 Bb6 25. Bxe8+ Rxe8 26. Rc3 g5 27. Rac1 Qe6 28. a3 Bc6 29. Rd1 Rd8 30. Qc4 Qxc4 31. Rxc4 Bd5 32. Rc3 1/2-1/2

[Event "Florianopolis op 9th"]
[Site "Florianopolis"]
[Date "2023.01.28"]
[Round "9"]
[White "Silver, Fernanda Luise"]
[Black "Pimenta, Elisandro da Silva"]
[Result "0-1"]
[WhiteElo "1800"]
[BlackElo "1855"]
[PlyCount "90"]
[EventDate "2023.01.23"]
[EventType "swiss"]
[EventRounds "10"]
[EventCountry "BRA"]
[SourceTitle "CBM 212 Extra"]
[Source "ChessBase"]
[SourceDate "2023.03.31"]
[SourceVersion "1"]
[SourceVersionDate "2023.03.31"]
[SourceQuality "1"]

1. e4 e6 2. d4 d5 3. Nd2 dxe4 4. Nxe4 Nd7 5. Be3 Ngf6 6. Nc3 Bb4 7. Bd2 0-0 8. a3 Bxc3 9. Bxc3 Ne4 10. Bb4 Re8 11. Bd3 a5 12. Bxe4 axb4 13. Qd3 Nf6 14. Nf3 bxa3 15. 0-0 a2 16. c4 Bd7 17. Ne5 Nxe4 18. Qxe4 Bc6 19. Nxc6 bxc6 20. Qxc6 Qxd4 21. Rxa2 Rab8 22. Rfa1 Red8 23. g3 h5 24. Rb1 h4 25. b4 h3 26. Qf3 Qxc4 27. Rab2 Qd5 28. Rb3 c5 29. g4 Rxb4 30. Qxh3 Rdb8 31. Rxb4 Rxb4 32. Rc1 Qg5 33. Rc3 Qxg4+ 34. Qxg4 Rxg4+ 35. Kf1 c4 36. Ke2 g5 37. h3 Rh4 38. Rg3 f6 39. Kd2 Rf4 40. f3 Kg7 41. Ke3 Kg6 42. Rg1 c3 43. Rc1 Rc4 44. Kd3 Rc7 45. Rc2 Kh5 0-1

[Event "Florianopolis op 9th"]
[Site "Florianopolis"]
[Date "2023.01.26"]
[Round "6"]
[White "Setti, Dalmarino"]
[Black "Silver, Fernanda Luise"]
[Result "0-1"]
[WhiteElo "1696"]
[BlackElo "1800"]
[PlyCount "64"]
[EventDate "2023.01.23"]
[EventType "swiss"]
[EventRounds "10"]
[EventCountry "BRA"]
[SourceTitle "CBM 212 Extra"]
[Source "ChessBase"]
[SourceDate "2023.03.31"]
[SourceVersion "1"]
[SourceVersionDate "2023.03.31"]
[SourceQuality "1"]

1. d4 d5 2. c4 e6 3. Nc3 Nf6 4. cxd5 exd5 5. Bg5 c6 6. Qc2 h6 7. Bh4 Be7 8. e3 Na6 9. Bxa6 bxa6 10. Nf3 Bd7 11. 0-0 Rc8 12. Ne5 Qc7 13. Bg3 Qb7 14. Rac1 g6 15. Na4 Bf5 16. Qd1 Ne4 17. b3 Ba3 18. Ra1 Qb5 19. f3 Nxg3 20. hxg3 h5 21. g4 Be6 22. Nd3 hxg4 23. fxg4 Rh4 24. Ne5 Bd6 25. Qe1 g5 26. g3 Rh7 27. Qb1 Rh8 28. Nxf7 Bxf7 29. Rxf7 Kxf7 30. Qf5+ Ke7 31. Qxg5+ Kd7 32. Rf1 Rh1+ 0-1

[Event "Florianopolis op 9th"]
[Site "Florianopolis"]
[Date "2023.01.24"]
[Round "2"]
[White "Gomes, Joao Paulo Santos"]
[Black "Silver, Fernanda Luise"]
[Result "0-1"]
[WhiteElo "1492"]
[BlackElo "1800"]
[PlyCount "76"]
[EventDate "2023.01.23"]
[EventType "swiss"]
[EventRounds "10"]
[EventCountry "BRA"]
[SourceTitle "CBM 212 Extra"]
[Source "ChessBase"]
[SourceDate "2023.03.31"]
[SourceVersion "1"]
[SourceVersionDate "2023.03.31"]
[SourceQuality "1"]

1. c4 e5 2. g3 Nc6 3. Nc3 Nf6 4. Bg2 Be7 5. Nf3 0-0 6. 0-0 Re8 7. a3 a5 8. d4 exd4 9. Nxd4 Ne5 10. b3 Bf8 11. e4 d6 12. f4 Ng6 13. h3 c6 14. Be3 Bd7 15. Bf2 Qc8 16. g4 Nxf4 17. g5 N6h5 18. Qf3 Nxg2 19. Kxg2 g6 20. Bg1 Be6 21. Na4 Qc7 22. Nb6 Rad8 23. Nxe6 Rxe6 24. Na4 Qe7 25. Rae1 Qxg5+ 26. Kh2 Rf6 27. Qg4 Qe5+ 28. Kg2 Nf4+ 29. Kh1 Nh5 30. Bh2 Qd4 31. Rd1 Rxf1+ 32. Rxf1 Re8 33. e5 dxe5 34. Qf3 Re7 35. Rg1 e4 36. Qc3 Bg7 37. Qxa5 e3 38. Qc5 Qe4+ 0-1